00522cam a2200169 a 4500020001500000040000800015082002600023100002000049245008400069260005400153300004000207490004300247650001000290650001000300650001800310650002400328 a0030325927 cDLC00a972 HOL 1990 C153 Or.1 aKintz, Ellen R.10aLife under the tropical canopy :btradition and change among the Yucatec Maya / aFort Worth :bHolt, Rinehart and Winston,cc1990. axix, 170 p. :bill., maps ;c24 cm.1 aCase studies in cultural anthropology. 0aMayas 0aMayas 0aHuman ecology 0aRain forest ecology